=LDR 00000nam 2200000 4500 =001 NUTBA000000000003008 =005 20140716101752.0 =006 =007 =008 =020 ##$$a 978-602-8872-16-4 =035 ##$$a 0010-071400000000196 =040 ##$$a NBPDMAT =082 ##$$a 372.7 =090 ##$$a 372.7 $b Eti m =100 ##$$a Etin Kurniatin =245 ##$$a Mengukur waktu dengan matematika / $c Etin Kurniatin, Linda Asy Syifa =250 ##$$a Cet.1 =260 ##$$a Jakarta : $b Eka Edukasitama, $c 2010 =300 ##$$a 56 hlm. : $b ilus. ; $c 21 cm. =500 ##$$a Bibliografi : hlm. 54 =650 ##$$a Matematika - SD =700 ##$$a Linda Asy Syfa =850 ##$$a NBPDMAT =990 ##$$a 21405562